01194 a2200265 4500502001200000653004800012100002500060041000700085245015100092300001500243650001000258650001200268650001100280650001600291300003100307130000700338710010400345040000900449651001100458041000700469041000700476653007200483651001000555520036300565 aThèse1 aAménagement et Gestion de l'Environnement aHOUESSOU, Laurent G. bFr aAnalyse de l'occupation conccurente des terres de parcours à la Ferme de l'Okpara et recherche de facteurs de zonage en vue de son aménagement aXIII-75 p. aTERRE aELEVAGE aZONAGE aAMENAGEMENT bill., graph., tabl., 29 cm lFr a, , , ,  aDoc. aOKPARA bFr bEn 1aGestion des Ressources Naturelles (Génies Rural, Eaux et Forêt) aBENIN aCe document traite d'un cas type d'occupation de terre. Elle s'est réroulée sur la ferme d'élevage de l'Okpara. L'objectif est de déterminer les différents modes de gestion et d'utilisation des terres de parcours à la Ferme de l'Okpara, de derterminer les facteurs de la dynamique d'occupation de la ferme, d'évaluer la capacité de charge ...